000 00911nam a2200229 i 4500
001 21574
003 ES-MaACL
005 20250825034739.0
007 t|
008 021126q1917 sp a |||| | spa d
080 _a940.3/.4(084.12)
245 0 4 _aLos aliados en 1917
_b: álbum de la guerra /
_cpublicación del Comité de Periodistas Catalanes para la Propaganda Aliadófila.
260 _aBarcelona :
_b[s.n.,
_c1917?] (
_fImp. A. Artís)
300 _a114 p. :
_bil.. ;
_c25 x 35 cm.
546 _aTextos en castellano y catalán.
595 _aEn contracub.: 1ª ed. de 50.000 ejemplares.
650 1 4 _aGuerra mundial, 1914-1918-
_xOpinión pública.
_913224
650 4 _aGuerra mundial, 1914-1918-
_vObras ilustradas.
_9148755
710 2 _aComité de Periodistas Catalanes para la Propaganda Aliadófila
_93077
852 _aES-MaACL
_jF-9398
_z- Enc. editorial cartoné
999 _c21574
_d21574